| 000 | 00475 a2200169 4500 | ||
|---|---|---|---|
| 003 | OSt | ||
| 005 | 20230902113748.0 | ||
| 008 | 230902b |||||||| |||| 00| 0 eng d | ||
| 020 | _a9789352533374 | ||
| 040 | _coclc | ||
| 082 |
_a330.09 _bLOK/H |
||
| 100 |
_aLokanathan, V _9839 |
||
| 245 |
_aA HISTORY OF ECONOMIC THOUGHT / _cV Lokanathan |
||
| 260 |
_aNew Delhi: _bS chand _c2018. |
||
| 300 | _a382 | ||
| 942 |
_2ddc _cBK _h330.09 _iLOK/H _k330.09 _mLOK/H |
||
| 999 |
_c42056 _d42056 |
||